Top 10 Most Popular Cities in Virginia - Statistics

General Stats
  • This quiz has been taken 16 times
  • The average score is 8 of 10
Answer Stats
Hint Answer % Correct
157K Alexandria
100%
137K Hampton
92%
236K Norfolk
92%
457K Virginia Beach
92%
249K Chesapeake
85%
227K Richmond
85%
99K Roanoke
85%
185K Newport News
77%
235K Arlington
69%
97K Portsmouth
69%
No matching quizzes found
Score Distribution
Percent of People with Each Score
Percentile by Number Answered
Your Score History
You have not taken this quiz